Ottův slovník naučný ilustrovaná encyklopaedie obecných vědomostí
Uložené v:
| Médium: | Kniha |
|---|---|
| Jazyk: | Czech |
| Vydavateľské údaje: |
Praha
J. Otto
1906
|
| Tagy: |
Žiadne tagy, Buďte prvý, kto otaguje tento záznam!
|
MARC
| LEADER | 00000nam a2200000 4500 | ||
|---|---|---|---|
| 001 | c123411 | ||
| 005 | 20041019155228.2 | ||
| 041 | 0 | |a cze | |
| 044 | |a CZ | ||
| 245 | 1 | 0 | |a Ottův slovník naučný |b ilustrovaná encyklopaedie obecných vědomostí |
| 264 | 1 | |a Praha |b J. Otto |c 1906 | |
| 300 | |a 995 s. | ||